01639nam a2200361 a 4500001001000000003000500010005001700015008004100032010001100073011001100084040000900095090001000104100004200114245024800156260004100404500006000445502009600505590004000601590004000641590004000681590004000721650003200761650003400793650003600827700003600863856007000899901000700969942001000976942000600986999001900992952013101011952013501142000114639CHAP20220329144451.0180314s2017 mx a fsm |||||||spa d a111100 a112072 cCHAP aTesis1 aHernández Saucedo, Fernando913486310aCalidad nutritiva de ensilados de maíz forrajero arrayan (Zea mays L.) producido en condiciones de agricultura tradicional y de conservación en la Comarca Lagunera /h[En línea]cpor Fernando Hernández Saucedo y Miriam Villalobos Ruiz. aChapingo, Méx. :bEl autor,c2017. aPara ver el contenido del material haga clic en la liga aTesis (Ing. en Sistemas Pecuarios) -- UACH. Unidad Regional Universitaria de Zonas Áridas aE8697GMMb05c20180314lUCH01h0843 aE8697GMMb05c20180314lUCH01h0845 aE8697GMMb05c20180314lUCH01h0959 aE8697GMMb05c20180314lUCH01h141114aMaíz como forraje.97110914aMaízxComposición.97090814aMaízxValor nutritivo.9710801 aVillalobos Ruiz, Miriam9134864 aFinding aiduhttp://10.13.5.2/tesis/sist114639.pdfzTeclea aquí aBK cTESIS n0 c111100d111100 00104054718TESISaBCbBCd2018-03-14fTESISl0oTesisp114640-10r2019-12-31 00:00:00w2019-12-31yTESISzRecien adquirido 00102local4053708TESISaBCbBCcPA_TESISd2018-03-14fTESISl0oTesisp114640-20r2019-12-31 00:00:00tc.2w2019-12-31yTESIS